000 01289nam a2200313Ia 4500
005 20220317001318.0
008 161108s1999 ck a g 000 0 spa
020 _a9583004847
100 1 _aPoe, Edgar Allan
_d1809-1849
245 1 0 _aBerenice y otras mujeres misteriosas
_cEdgar Allan Poe ; traducido por Juliana Borrero ; ilustrado por Giovanni Cabrera
250 _a1a. edición
_b2a. reimpresión
300 _a208 páginas
_bilustraciones en color
_c15 cm
490 _aCajón de cuentos
505 _aVida en muerte (el retrato oval) -- Morella -- Berenice -- Ligeia -- La caida de la casa Usher
650 1 4 _2LEMB
_aCuentos infantiles estadounidenses
_ySiglo XIX
650 1 4 _2LEMB
_aLiteratura infantil estadounidense
_ySiglo XIX
650 1 4 _2LEMB
_aMisterio en la literatura
650 1 4 _2LEMB
_aMujeres en la literatura
700 1 _aCabrera, Giovanni
_911201
700 1 _aBorrero, Juliana
_970508
740 _aLa caída de la casa Usher \\ Ligeia \\ Morella \\ Punto final \\ Vida en muerte ( El retrato oval)
942 _2loc
_cBKINF
264 _aBogotá
_bPanamericana
_c1999
336 _atexto
_btxt
_2rdacontent
337 _asin mediación
_bn
_2rdamedia
338 _avolumen
_bnc
_2rdacarrier
040 _aCO-BoRNBP
_bspa
_erda
_cCO-BoRNBP
084 _aC POE4
999 _c6581
_d6581